[Event "DEM U18w 2017"]
[Site "Willingen GER"]
[Date "2017.06.09"]
[Round "8"]
[White "Wächter, Nathalie"]
[Black "Rogozenco, Teodora"]
[Result "0-1"]
[Termination "normal"]
[Board "1"]
[BlackTitle "WFM"]
[WhiteElo "1994"]
[BlackElo "2139"]
[WhiteClock "00:00:55"]
[BlackClock "00:02:21"]
[PlyCount "60"]
[WhiteFideId "12921033"]
[BlackFideId "12938084"]
[EventCountry "GER"]
[EventRounds "9"]
[EventType "swiss"]
[EventDate "2017.06.03"]

1. d4 {[%clk 1:30:59]} 1... Nf6 {[%clk 1:30:49]} 2. c4 {[%clk 1:31:23]} 2... e6
{[%clk 1:31:16]} 3. Nc3 {[%clk 1:31:43]} 3... Bb4 {[%clk 1:31:40]} 4. a3 {
[%clk 1:30:10]} 4... Bxc3+ {[%clk 1:32:04]} 5. bxc3 {[%clk 1:30:37]} 5... b6 {
[%clk 1:30:53]} 6. Bg5 {[%clk 1:27:06]} 6... Bb7 {[%clk 1:24:23]} 7. e3 { [%clk
1:25:45]} 7... d6 {[%clk 1:18:49]} 8. Nf3 {[%clk 1:24:43]} 8... Qd7 { [%clk
1:19:02]} 9. Bxf6 {[%clk 1:16:07]} 9... gxf6 {[%clk 1:19:25]} 10. Qb3 { [%clk
1:15:40]} 10... Nc6 {[%clk 1:06:33]} 11. Nd2 {[%clk 1:07:28]} 11... f5 { [%clk
0:59:52]} 12. Qb2 {[%clk 0:52:37]} 12... Rg8 {[%clk 0:56:21]} 13. Nb3 { [%clk
0:43:42]} 13... Ne7 {[%clk 0:41:58]} 14. f3 {[%clk 0:35:39]} 14... Qa4 { [%clk
0:36:05]} 15. c5 {[%clk 0:30:25]} 15... Ba6 {[%clk 0:36:13]} 16. cxd6 { [%clk
0:19:38]} 16... cxd6 {[%clk 0:36:37]} 17. g3 {[%clk 0:10:42]} 17... Nd5 { [%clk
0:28:43]} 18. Bxa6 {[%clk 0:08:05]} 18... Qxa6 {[%clk 0:29:07]} 19. e4 { [%clk
0:08:19]} 19... fxe4 {[%clk 0:15:54]} 20. fxe4 {[%clk 0:08:42]} 20... Nf6
{[%clk 0:16:04]} 21. Rf1 {[%clk 0:03:55]} 21... Nxe4 {[%clk 0:15:11]} 22. Rf3 {
[%clk 0:01:11]} 22... Rc8 {[%clk 0:11:14]} 23. Nd2 {[%clk 0:01:36]} 23... Qb7 {
[%clk 0:07:24]} 24. Qb5+ {[%clk 0:01:17]} 24... Ke7 {[%clk 0:07:35]} 25. Qh5 {
[%clk 0:01:18]} 25... Ng5 {[%clk 0:06:34]} 26. Re3 {[%clk 0:00:53]} 26... Qh1+
{[%clk 0:03:54]} 27. Nf1 {[%clk 0:01:19]} 27... Qg2 {[%clk 0:03:15]} 28. Qd1 {
[%clk 0:00:49]} 28... Ne4 {[%clk 0:02:32]} 29. Re2 {[%clk 0:00:56]} 29... Qf3 {
[%clk 0:02:01]} 30. Re3 {[%clk 0:00:55]} 30... Qf2# {[%clk 0:02:21]} 0-1

[Event "DEM U18w 2017"]
[Site "Willingen GER"]
[Date "2017.06.09"]
[Round "8"]
[White "Sieber, Fiona"]
[Black "Moses, Selina"]
[Result "1-0"]
[Termination "normal"]
[Board "2"]
[WhiteTitle "WFM"]
[WhiteElo "2332"]
[BlackElo "1948"]
[WhiteClock "00:44:19"]
[BlackClock "00:51:12"]
[PlyCount "45"]
[WhiteFideId "12902373"]
[BlackFideId "12908070"]
[EventCountry "GER"]
[EventRounds "9"]
[EventType "swiss"]
[EventDate "2017.06.03"]

1. e4 {[%clk 1:30:57]} 1... c5 {[%clk 1:30:56]} 2. Nf3 {[%clk 1:31:23]} 2... d6
{[%clk 1:31:22]} 3. Nc3 {[%clk 1:31:50]} 3... a6 {[%clk 1:30:26]} 4. a4 { [%clk
1:31:54]} 4... Nc6 {[%clk 1:30:36]} 5. d4 {[%clk 1:32:18]} 5... cxd4 { [%clk
1:30:58]} 6. Nxd4 {[%clk 1:32:43]} 6... Nf6 {[%clk 1:31:09]} 7. Be2 { [%clk
1:32:55]} 7... e6 {[%clk 1:30:36]} 8. O-O {[%clk 1:33:04]} 8... Qc7 { [%clk
1:30:21]} 9. Kh1 {[%clk 1:32:53]} 9... Be7 {[%clk 1:30:17]} 10. f4 { [%clk
1:32:46]} 10... O-O {[%clk 1:29:11]} 11. Bf3 {[%clk 1:32:55]} 11... Re8 { [%clk
1:27:41]} 12. g4 {[%clk 1:27:39]} 12... Nxd4 {[%clk 1:22:26]} 13. Qxd4 { [%clk
1:27:58]} 13... e5 {[%clk 1:22:49]} 14. Qg1 {[%clk 1:13:31]} 14... exf4 { [%clk
1:19:41]} 15. g5 {[%clk 0:59:44]} 15... Nd7 {[%clk 1:17:16]} 16. Nd5 { [%clk
0:54:15]} 16... Qd8 {[%clk 1:14:12]} 17. Bxf4 {[%clk 0:52:11]} 17... Ne5 {[%clk
1:08:29]} 18. Bxe5 {[%clk 0:52:12]} 18... dxe5 {[%clk 1:08:52]} 19. Rad1 {[%clk
0:52:26]} 19... Qa5 {[%clk 0:58:41]} 20. b4 {[%clk 0:45:28]} 20... Qxa4 {[%clk
0:51:35]} 21. Nb6 {[%clk 0:44:14]} 21... Qc6 {[%clk 0:51:08]} 22. Nxa8 { [%clk
0:44:36]} 22... Bxb4 {[%clk 0:51:12]} 23. Qb6 {[%clk 0:44:19]} 1-0

[Event "DEM U18w 2017"]
[Site "Willingen GER"]
[Date "2017.06.09"]
[Round "8"]
[White "Klenk, Sofie"]
[Black "Weis, Olga"]
[Result "0-1"]
[Termination "normal"]
[Board "3"]
[WhiteElo "1876"]
[BlackElo "1871"]
[WhiteClock "00:00:38"]
[BlackClock "00:01:55"]
[PlyCount "70"]
[WhiteFideId "12996653"]
[BlackFideId "1270234"]
[EventCountry "GER"]
[EventRounds "9"]
[EventType "swiss"]
[EventDate "2017.06.03"]

1. d4 {[%clk 1:30:58]} 1... d5 {[%clk 1:30:52]} 2. Nf3 {[%clk 1:31:22]} 2...
Nf6 {[%clk 1:30:43]} 3. c4 {[%clk 1:31:47]} 3... e6 {[%clk 1:30:04]} 4. Nc3 {
[%clk 1:32:12]} 4... Be7 {[%clk 1:28:30]} 5. Bf4 {[%clk 1:32:36]} 5... c6 {
[%clk 1:23:25]} 6. e3 {[%clk 1:32:40]} 6... Nbd7 {[%clk 1:22:29]} 7. Rc1 {
[%clk 1:32:13]} 7... O-O {[%clk 1:18:59]} 8. Bd3 {[%clk 1:31:19]} 8... b6 {
[%clk 1:16:06]} 9. cxd5 {[%clk 1:20:28]} 9... exd5 {[%clk 1:13:01]} 10. O-O {
[%clk 1:14:29]} 10... Bb7 {[%clk 1:08:42]} 11. h3 {[%clk 1:11:52]} 11... a6 {
[%clk 0:58:42]} 12. Ne5 {[%clk 0:45:05]} 12... Nxe5 {[%clk 0:46:32]} 13. dxe5 {
[%clk 0:36:54]} 13... Nd7 {[%clk 0:45:12]} 14. Qg4 {[%clk 0:26:09]} 14... g6 {
[%clk 0:40:49]} 15. e6 {[%clk 0:16:49]} 15... Nc5 {[%clk 0:34:30]} 16. exf7+ {
[%clk 0:16:31]} 16... Rxf7 {[%clk 0:34:41]} 17. Bb1 {[%clk 0:15:07]} 17... Bf6
{[%clk 0:31:03]} 18. Rfe1 {[%clk 0:11:47]} 18... Bg7 {[%clk 0:26:53]} 19. h4 {
[%clk 0:10:45]} 19... Nd7 {[%clk 0:24:34]} 20. Qg3 {[%clk 0:09:36]} 20... Nf6 {
[%clk 0:22:53]} 21. Bg5 {[%clk 0:09:57]} 21... Qf8 {[%clk 0:22:08]} 22. Bxf6 {
[%clk 0:08:32]} 22... Bxf6 {[%clk 0:21:35]} 23. Re2 {[%clk 0:08:09]} 23... Qh6
{[%clk 0:21:01]} 24. Na4 {[%clk 0:05:24]} 24... Bxh4 {[%clk 0:18:54]} 25. Qh3 {
[%clk 0:05:24]} 25... Qh5 {[%clk 0:13:39]} 26. f3 {[%clk 0:04:24]} 26... b5 {
[%clk 0:11:01]} 27. Nc5 {[%clk 0:04:17]} 27... Bc8 {[%clk 0:10:17]} 28. g4 {
[%clk 0:04:30]} 28... Qg5 {[%clk 0:09:25]} 29. Qg2 {[%clk 0:02:28]} 29... d4 {
[%clk 0:06:13]} 30. Ne4 {[%clk 0:02:28]} 30... Qe5 {[%clk 0:03:35]} 31. Rxc6 {
[%clk 0:01:54]} 31... Be7 {[%clk 0:02:57]} 32. Bd3 {[%clk 0:01:23]} 32... Bb7 {
[%clk 0:02:27]} 33. Rcc2 {[%clk 0:01:48]} 33... dxe3 {[%clk 0:02:17]} 34. Rxe3
{[%clk 0:01:44]} 34... Qf4 {[%clk 0:01:55]} 35. Rf2 {[%clk 0:00:38]} 35... Qxe3
{[%clk 0:01:55]} 0-1

[Event "DEM U18w 2017"]
[Site "Willingen GER"]
[Date "2017.06.09"]
[Round "8"]
[White "Ley, Sabrina"]
[Black "Wiesner, Paula"]
[Result "1-0"]
[Termination "normal"]
[Board "4"]
[WhiteElo "1888"]
[BlackElo "2061"]
[WhiteClock "00:03:51"]
[BlackClock "00:18:17"]
[PlyCount "101"]
[WhiteFideId "12938130"]
[BlackFideId "24654019"]
[EventCountry "GER"]
[EventRounds "9"]
[EventType "swiss"]
[EventDate "2017.06.03"]

1. d4 {[%clk 1:30:58]} 1... e6 {[%clk 1:30:50]} 2. c4 2... Bb4+ {[%clk 1:30:34]
} 3. Bd2 {[%clk 1:31:12]} 3... a5 {[%clk 1:31:01]} 4. g3 {[%clk 1:31:01]} 4...
Nf6 {[%clk 1:30:30]} 5. Bg2 {[%clk 1:31:17]} 5... O-O {[%clk 1:30:05]} 6. Nf3 {
[%clk 1:30:58]} 6... d6 {[%clk 1:30:16]} 7. O-O {[%clk 1:30:43]} 7... Bxd2 {
[%clk 1:30:42]} 8. Qxd2 {[%clk 1:30:48]} 8... Nbd7 {[%clk 1:29:52]} 9. Nc3 {
[%clk 1:30:46]} 9... e5 {[%clk 1:29:22]} 10. Rfd1 {[%clk 1:26:00]} 10... Qe7 {
[%clk 1:24:02]} 11. Rac1 {[%clk 1:22:22]} 11... h6 {[%clk 1:21:17]} 12. e4 {
[%clk 1:18:24]} 12... Nb6 {[%clk 1:12:30]} 13. c5 {[%clk 1:01:44]} 13... exd4 {
[%clk 0:47:40]} 14. cxd6 {[%clk 0:56:42]} 14... Qxd6 {[%clk 0:47:33]} 15. Nxd4
{[%clk 0:46:22]} 15... c6 {[%clk 0:42:39]} 16. Qe3 {[%clk 0:43:00]} 16... Ng4 {
[%clk 0:40:22]} 17. Qe2 {[%clk 0:39:47]} 17... Qg6 {[%clk 0:35:24]} 18. h3 {
[%clk 0:33:08]} 18... Ne5 {[%clk 0:32:29]} 19. b3 {[%clk 0:32:38]} 19... Re8 {
[%clk 0:25:58]} 20. Qe3 {[%clk 0:26:32]} 20... Qf6 {[%clk 0:18:53]} 21. f4 {
[%clk 0:22:23]} 21... Ng6 {[%clk 0:18:00]} 22. Qf2 {[%clk 0:20:37]} 22... Bd7 {
[%clk 0:14:10]} 23. e5 {[%clk 0:19:35]} 23... Qe7 {[%clk 0:13:22]} 24. Nxc6 {
[%clk 0:17:43]} 24... Bxc6 {[%clk 0:13:42]} 25. Bxc6 {[%clk 0:14:26]} 25...
bxc6 {[%clk 0:14:10]} 26. Qxb6 {[%clk 0:14:41]} 26... Qe6 {[%clk 0:13:44]} 27.
Kg2 {[%clk 0:14:39]} 27... h5 {[%clk 0:11:20]} 28. Rd6 {[%clk 0:12:44]} 28...
Qf5 {[%clk 0:11:41]} 29. Qxc6 {[%clk 0:12:04]} 29... Nxf4+ {[%clk 0:09:59]} 30.
gxf4 {[%clk 0:09:46]} 30... Qxf4 {[%clk 0:10:24]} 31. Rf1 {[%clk 0:08:46]}
31... Qxe5 {[%clk 0:09:34]} 32. Rd5 {[%clk 0:04:03]} 32... Qe3 {[%clk 0:09:06]}
33. Rf3 {[%clk 0:01:10]} 33... Qc1 {[%clk 0:08:03]} 34. Qd7 {[%clk 0:00:43]}
34... Qc2+ {[%clk 0:07:12]} 35. Rd2 {[%clk 0:00:39]} 35... Qg6+ {[%clk 0:07:15]
} 36. Rg3 {[%clk 0:00:56]} 36... Qb6 {[%clk 0:05:52]} 37. Rf2 {[%clk 0:00:57]}
37... Rf8 {[%clk 0:04:49]} 38. Nd5 {[%clk 0:01:06]} 38... Qh6 {[%clk 0:04:29]}
39. Qf5 {[%clk 0:00:50]} 39... a4 {[%clk 0:02:18]} 40. Nf6+ {[%clk 0:00:59]}
40... Kh8 {[%clk 0:02:43]} 41. Nxh5 {[%clk 0:22:31]} 41... axb3 {[%clk 0:30:25]
} 42. axb3 {[%clk 0:18:33]} 42... Ra1 {[%clk 0:27:06]} 43. Qc5 {[%clk 0:15:25]}
43... Rg8 {[%clk 0:26:33]} 44. Nf4 {[%clk 0:09:43]} 44... Rd8 {[%clk 0:24:05]}
45. Nh5 {[%clk 0:04:41]} 45... Rg8 {[%clk 0:23:16]} 46. Kh2 {[%clk 0:04:18]}
46... Rc1 {[%clk 0:21:39]} 47. Qd5 {[%clk 0:03:53]} 47... Rb1 {[%clk 0:19:53]}
48. Qxf7 {[%clk 0:03:18]} 48... Qc1 {[%clk 0:17:28]} 49. Qxg8+ {[%clk 0:03:01]}
49... Kxg8 {[%clk 0:17:50]} 50. Rxg7+ {[%clk 0:03:24]} 50... Kh8 { [%clk
0:18:17]} 51. Rf8# {[%clk 0:03:51]} 1-0

[Event "DEM U18w 2017"]
[Site "Willingen GER"]
[Date "2017.06.09"]
[Round "8"]
[White "Gatzke, Carolin"]
[Black "Leser, Katrin"]
[Result "0-1"]
[Termination "normal"]
[Board "5"]
[WhiteElo "1778"]
[BlackElo "1912"]
[WhiteClock "01:01:31"]
[BlackClock "00:46:53"]
[PlyCount "28"]
[WhiteFideId "12943746"]
[BlackFideId "12997692"]
[EventCountry "GER"]
[EventRounds "9"]
[EventType "swiss"]
[EventDate "2017.06.03"]

1. c4 {[%clk 1:30:58]} 1... e6 {[%clk 1:30:13]} 2. g3 {[%clk 1:31:13]} 2... Nf6
{[%clk 1:29:48]} 3. Bg2 {[%clk 1:31:28]} 3... d5 {[%clk 1:30:00]} 4. b3 { [%clk
1:31:40]} 4... Be7 {[%clk 1:29:13]} 5. Bb2 {[%clk 1:31:44]} 5... O-O { [%clk
1:28:20]} 6. e3 {[%clk 1:31:09]} 6... b6 {[%clk 1:19:59]} 7. Ne2 { [%clk
1:30:45]} 7... Bb7 {[%clk 1:19:39]} 8. O-O {[%clk 1:29:40]} 8... c5 { [%clk
1:11:51]} 9. d3 {[%clk 1:25:06]} 9... Nc6 {[%clk 1:07:20]} 10. Nd2 { [%clk
1:19:40]} 10... Qd7 {[%clk 0:57:24]} 11. Nf3 {[%clk 1:14:38]} 11... Rfd8 {[%clk
0:55:03]} 12. Ne5 {[%clk 1:06:50]} 12... Nxe5 {[%clk 0:51:38]} 13. Bxe5 {[%clk
1:06:39]} 13... dxc4 {[%clk 0:48:01]} 14. dxc4 {[%clk 1:01:31]} 14... Bxg2
{[%clk 0:46:53]} 0-1

[Event "DEM U18w 2017"]
[Site "Willingen GER"]
[Date "2017.06.09"]
[Round "8"]
[White "Hartmann, Cora"]
[Black "Halas, Julia"]
[Result "0-1"]
[Termination "normal"]
[Board "6"]
[WhiteElo "1788"]
[BlackElo "1855"]
[WhiteClock "00:54:38"]
[BlackClock "01:18:56"]
[PlyCount "26"]
[WhiteFideId "16200764"]
[BlackFideId "12931810"]
[EventCountry "GER"]
[EventRounds "9"]
[EventType "swiss"]
[EventDate "2017.06.03"]

1. e4 {[%clk 1:30:58]} 1... e6 {[%clk 1:30:55]} 2. d3 {[%clk 1:31:25]} 2... d5
{[%clk 1:31:20]} 3. Nd2 {[%clk 1:31:51]} 3... Nf6 {[%clk 1:31:44]} 4. Ngf3 {
[%clk 1:32:14]} 4... b6 {[%clk 1:31:53]} 5. g3 {[%clk 1:32:36]} 5... dxe4 {
[%clk 1:32:13]} 6. dxe4 {[%clk 1:31:44]} 6... Bb7 {[%clk 1:32:28]} 7. Qe2 {
[%clk 1:29:15]} 7... Na6 {[%clk 1:32:12]} 8. Bg2 {[%clk 1:26:30]} 8... Nb4 {
[%clk 1:30:54]} 9. Qc4 {[%clk 1:17:52]} 9... Nxe4 {[%clk 1:24:46]} 10. a3 {
[%clk 1:01:35]} 10... Bd5 {[%clk 1:20:55]} 11. Qe2 {[%clk 0:55:59]} 11... Nxc2+
{[%clk 1:20:45]} 12. Kf1 {[%clk 0:55:19]} 12... Nxd2+ {[%clk 1:19:31]} 13. Bxd2
{[%clk 0:54:38]} 13... Nxa1 {[%clk 1:18:56]} 0-1

[Event "DEM U18w 2017"]
[Site "Willingen GER"]
[Date "2017.06.09"]
[Round "8"]
[White "Schilay, Eva"]
[Black "Simon, Tessa"]
[Result "1/2-1/2"]
[Termination "normal"]
[Board "7"]
[WhiteElo "1665"]
[BlackElo "1882"]
[PlyCount "72"]
[WhiteFideId "12930164"]
[BlackFideId "12929395"]
[EventCountry "GER"]
[EventRounds "9"]
[EventType "swiss"]
[EventDate "2017.06.03"]

1. e4 c5 2. Nf3 Nc6 3. Nc3 e5 4. Bc4 Be7 5. d3 d6 6. Be3 Nf6 7. h3 O-O 8. Nd2
Be6 9. Nd5 Rb8 10. Nxf6+ Bxf6 11. O-O b6 12. Re1 d5 13. exd5 Bxd5 14. Bxd5 Qxd5
15. Ne4 Be7 16. Qf3 Qe6 17. Nc3 Rbd8 18. Qg3 Nb4 19. Re2 Nd5 20. Nxd5 Qxd5 21.
Bh6 Bf6 22. Bg5 Bxg5 23. Qxg5 Rfe8 24. a3 Rd6 25. Qf5 Rde6 26. Rae1 g6 27. Qe4
Qd7 28. Qg4 Qd6 29. Qe4 Kg7 30. Qc4 Rd8 31. f4 Rde8 32. Qc3 Qd4+ 33. Qxd4 exd4
34. Rxe6 Rxe6 35. Rxe6 fxe6 36. Kf2 Kf6 1/2-1/2

[Event "DEM U18w 2017"]
[Site "Willingen GER"]
[Date "2017.06.09"]
[Round "8"]
[White "Silber, Stefanie"]
[Black "Sewald, Kathrin"]
[Result "0-1"]
[Termination "normal"]
[Board "8"]
[WhiteElo "1644"]
[BlackElo "1902"]
[PlyCount "102"]
[WhiteFideId "12918245"]
[BlackFideId "12964557"]
[EventCountry "GER"]
[EventRounds "9"]
[EventType "swiss"]
[EventDate "2017.06.03"]

1. e4 e5 2. Nf3 d6 3. d4 Qe7 4. Bd3 Nf6 5. O-O g6 6. c3 Bg7 7. Re1 O-O 8. Bg5
h6 9. Bh4 Nbd7 10. Nbd2 Re8 11. Nc4 Qf8 12. Bg3 Nh5 13. b4 Kh7 14. a4 Qh8 15.
dxe5 dxe5 16. Ne3 Nf8 17. Nd5 Ne6 18. Nd2 Bd7 19. Be2 Nhf4 20. Nc4 Rad8 21. Qc2
Bc6 22. Bxf4 exf4 23. Rad1 Bd7 24. Bg4 Bc8 25. e5 c6 26. Nf6+ Bxf6 27. exf6
Qxf6 28. Nd6 Re7 29. Ne4 Qh8 30. Rxd8 Qxd8 31. Rd1 Qc7 32. Be2 Qe5 33. Nd6 Bd7
34. Nxb7 Nc7 35. Kf1 Nd5 36. Nc5 Bf5 37. Nd3 Qxc3 38. Qb1 Qa3 39. Qc1 Qxa4 40.
Nxf4 Nxb4 41. Qc4 a5 42. g4 Bc2 43. Rd8 Qa1+ 44. Kg2 Qe5 45. Bf3 Be4 46. Qc1
Bxf3+ 47. Kxf3 a4 48. Qa3 Nc2 49. Qxa4 Ne1+ 50. Kg3 Qc3+ 51. Nd3 Nxd3 0-1

[Event "DEM U18w 2017"]
[Site "Willingen GER"]
[Date "2017.06.09"]
[Round "8"]
[White "Schumann, Rabea"]
[Black "Fock, Amina"]
[Result "1-0"]
[Termination "normal"]
[Board "9"]
[WhiteElo "1858"]
[BlackElo "1592"]
[PlyCount "79"]
[WhiteFideId "12918199"]
[BlackFideId "12981982"]
[EventCountry "GER"]
[EventRounds "9"]
[EventType "swiss"]
[EventDate "2017.06.03"]

1. c4 e5 2. Nc3 Nc6 3. g3 f5 4. Bg2 Nf6 5. e3 d5 6. cxd5 Nb4 7. d3 c6 8. Nf3 e4
9. dxe4 fxe4 10. Ne5 Bd6 11. a3 Bxe5 12. axb4 cxd5 13. O-O O-O 14. Qb3 Be6 15.
Nxe4 Nxe4 16. Bxe4 Qd6 17. Bg2 d4 18. Qd3 dxe3 19. Qxd6 Bxd6 20. Bxe3 Bxb4 21.
Bxb7 Rab8 22. Rxa7 Bd6 23. Re1 Rf7 24. Bd4 Bc4 25. Ba6 Bd5 26. Rxf7 Kxf7 27.
Rc1 Rb4 28. Bc3 Rb6 29. Bf1 Bc5 30. Ba5 Rc6 31. Bd2 Bd4 32. Rxc6 Bxc6 33. Bc3
Bxc3 34. bxc3 Ke6 35. f4 Kd5 36. Bg2+ Kc5 37. Bxc6 Kxc6 38. Kf2 Kd5 39. Ke3 Kc4
40. Ke4 1-0

[Event "DEM U18w 2017"]
[Site "Willingen GER"]
[Date "2017.06.09"]
[Round "8"]
[White "Yi, Wendy"]
[Black "Diener, Carolin Valeria"]
[Result "1-0"]
[Termination "normal"]
[Board "10"]
[WhiteElo "1693"]
[BlackElo "1909"]
[PlyCount "117"]
[WhiteFideId "16224850"]
[BlackFideId "24699063"]
[EventCountry "GER"]
[EventRounds "9"]
[EventType "swiss"]
[EventDate "2017.06.03"]

1. e4 e5 2. Nf3 Nc6 3. Bc4 Bc5 4. c3 Nf6 5. d3 d6 6. O-O a6 7. a4 Ba7 8. Be3
O-O 9. Nbd2 Ne7 10. Re1 Ng6 11. Nf1 Kh8 12. Qb3 Qe7 13. Ng5 Kg8 14. Ng3 h6 15.
Nf3 c6 16. Qc2 d5 17. Ba2 dxe4 18. Nxe4 Nxe4 19. Bxa7 Rxa7 20. Rxe4 Bf5 21. Re3
Qd6 22. Rae1 Re8 23. Qd1 b5 24. h4 Rae7 25. g3 Be6 26. Bb1 Bd7 27. Qe2 h5 28.
Ng5 Bg4 29. f3 Bf5 30. Kg2 c5 31. Bc2 f6 32. Bb3+ Kh8 33. Nf7+ Rxf7 34. Bxf7
Rd8 35. f4 Bg4 36. Qf2 exf4 37. Re8+ Rxe8 38. Rxe8+ Kh7 39. Bxg6+ Kxg6 40. Qxf4
Qxd3 41. Qe4+ Qxe4+ 42. Rxe4 Bd7 43. axb5 Bxb5 44. Re7 c4 45. Kf3 Ba4 46. Kf4
Kh6 47. Ra7 Bc2 48. Rxa6 Kg6 49. Rd6 Kf7 50. Rd4 Bb3 51. Re4 g6 52. Ke3 g5 53.
Kd4 Kg6 54. hxg5 Kxg5 55. Rh4 f5 56. Ke5 Ba2 57. Rf4 Bb3 58. Rxf5+ Kg4 59. Kf6
1-0

[Event "DEM U18w 2017"]
[Site "Willingen GER"]
[Date "2017.06.09"]
[Round "8"]
[White "Schulz, Theresa Charlotte"]
[Black "Caliebe, Nanke"]
[Result "1-0"]
[Termination "normal"]
[Board "11"]
[WhiteElo "1595"]
[BlackElo "1447"]
[PlyCount "103"]
[WhiteFideId "12952206"]
[BlackFideId "12980528"]
[EventCountry "GER"]
[EventRounds "9"]
[EventType "swiss"]
[EventDate "2017.06.03"]

1. e4 c5 2. Nc3 Nc6 3. f4 g6 4. Nf3 Bg7 5. Bc4 e6 6. d3 Nge7 7. O-O O-O 8. a3
d6 9. Qe1 h6 10. Qh4 f5 11. h3 Nd4 12. Nxd4 Bxd4+ 13. Kh2 Bf6 14. Qf2 Kh7 15.
g4 Bh8 16. Qf3 Nc6 17. Ne2 Qd7 18. c3 fxe4 19. dxe4 Be5 20. Qg2 Bg7 21. Ng3 Ne7
22. h4 d5 23. exd5 exd5 24. Bd3 Qxg4 25. h5 Qh4+ 26. Kg1 Rg8 27. hxg6+ Nxg6 28.
Nf5 Bxf5 29. Bxf5 Bf6 30. Qh2 Qxh2+ 31. Kxh2 Kh8 32. Be6 Rgd8 33. f5 Be5+ 34.
Kh3 Nf8 35. Re1 Bg7 36. Bf4 Kh7 37. Bc7 Re8 38. Bxd5 a6 39. Bb6 Nd7 40. Bc7 Rf8
41. Re7 Nf6 42. Bxb7 Rae8 43. Rae1 Rxe7 44. Rxe7 Ng8 45. Re6 Rf7 46. Rc6 Rxf5
47. Bxa6 Rh5+ 48. Kg3 Ne7 49. Bd3+ Kg8 50. Re6 Rg5+ 51. Kf3 h5 52. Rxe7 1-0

[Event "DEM U18w 2017"]
[Site "Willingen GER"]
[Date "2017.06.09"]
[Round "8"]
[White "Schiewe, Nadin"]
[Black "Wallat, Jessica"]
[Result "1/2-1/2"]
[Termination "normal"]
[Board "12"]
[WhiteElo "1325"]
[BlackElo "1706"]
[PlyCount "103"]
[WhiteFideId "16209079"]
[BlackFideId "12909637"]
[EventCountry "GER"]
[EventRounds "9"]
[EventType "swiss"]
[EventDate "2017.06.03"]

1. d4 Nf6 2. c4 g6 3. Nc3 Bg7 4. e4 d6 5. f3 O-O 6. Be3 e5 7. d5 Na6 8. Qd2 Nh5
9. g4 Nf4 10. h4 f5 11. gxf5 gxf5 12. O-O-O Bf6 13. Nge2 Nxe2+ 14. Qxe2 f4 15.
Bd2 Kh8 16. Bh3 Rg8 17. Bxc8 Rxc8 18. Rh3 c6 19. Kb1 Rg3 20. Rxg3 fxg3 21. Rh1
Bxh4 22. Qg2 Bg5 23. Qh3 Rc7 24. Be1 Rg7 25. Bxg3 Nb4 26. Ne2 Nd3 27. Kc2 Nf4
28. Bxf4 Bxf4 29. Nxf4 exf4 30. Qf5 Rg2+ 31. Kc1 Qg8 32. Qxf4 Qg7 33. e5 dxe5
34. Qf5 Qg5+ 35. Qxg5 Rxg5 36. d6 Rg7 37. c5 Rd7 38. Rg1 b6 39. b4 bxc5 40.
bxc5 Rf7 41. Rg3 Rf4 42. Kd2 Rc4 43. f4 Rxf4 44. Re3 Kg7 45. Rxe5 Kf6 46. Re3
Rd4+ 47. Rd3 Rd5 48. Ke2 h5 49. Rf3+ Ke6 50. Re3+ Kf6 51. Rf3+ Ke6 52. Re3+
1/2-1/2

[Event "DEM U18w 2017"]
[Site "Willingen GER"]
[Date "2017.06.09"]
[Round "8"]
[White "Kümmel, Tina"]
[Black "Shirov-Michna, Masza"]
[Result "1-0"]
[Termination "normal"]
[Board "13"]
[WhiteElo "1433"]
[BlackElo "1343"]
[PlyCount "95"]
[WhiteFideId "12979368"]
[BlackFideId "12921998"]
[EventCountry "GER"]
[EventRounds "9"]
[EventType "swiss"]
[EventDate "2017.06.03"]

1. d4 d5 2. c4 c6 3. Nc3 Nf6 4. Nf3 Bf5 5. Bg5 e6 6. e3 Be7 7. Bd3 Bg6 8. O-O
Nbd7 9. Rc1 Rc8 10. Qe2 O-O 11. Rfd1 Qb6 12. Ne5 Bxd3 13. Qxd3 Rfe8 14. Nxd7
Nxd7 15. Bxe7 Rxe7 16. cxd5 exd5 17. Nxd5 Qd8 18. Nxe7+ Qxe7 19. d5 c5 20. Qf5
b6 21. e4 g6 22. Qg4 Rd8 23. Qe2 Nf6 24. Re1 Re8 25. Rcd1 Rd8 26. d6 Qf8 27. e5
Ne8 28. Qa6 Ra8 29. f4 Ng7 30. g4 h5 31. h3 hxg4 32. hxg4 Ne6 33. Qf1 Nd4 34.
Rd2 Qh6 35. Rh2 Qg7 36. Qg2 Re8 37. Qh1 f6 38. Qd5+ Kf8 39. Re3 fxe5 40. Reh3
Re6 41. Rh8+ Kf7 42. R8h7 exf4 43. Rxg7+ Kxg7 44. d7 Re1+ 45. Kg2 Re2+ 46. Kh3
Re3+ 47. Kh4 Nf3+ 48. Qxf3 1-0